Vista normal Vista MARC
  • Araque T., Leonardo

Entrada Nombre personal

Número de registros utilizados en: 4

001 - NÚMERO DE CONTROL

  • campo de control: 41868

003 - IDENTIFICADOR DEL NÚMERO DE CONTROL

  • campo de control: OSt

005 - FECHA Y HORA DE LA ÚLTIMA TRANSACCIÓN

  • campo de control: 20200109115209.0

008 - DATOS DE LONGITUD FIJA

  • campo de control de longitud fija: 200109|| aca||aabn | a|a d

040 ## - FUENTE DE LA CATALOGACIÓN

  • Centro catalogador/agencia de origen: OSt
  • Centro/agencia transcriptor: OSt

100 ## - ENCABEZAMIENTO-NOMBRE DE PERSONA

  • Nombre de persona: Araque T., Leonardo

670 ## - FUENTE DE DATOS ENCONTRADOS

  • Cita de la fuente: Work cat.: (OSt)26549: Hurtado C., Rafael E. 41867, Catálogo de objetos para la agroindustria de la palma de aceite, 2009